Gaming Quiz

Random Gaming or Pokémon Quiz
Score 0/40 Timer 08:00
6 Plays Today
% Correct
Treecko
94.4%
Swampert
86.9%
Combusken
86.4%
Regice
84.1%
Seedot
83.2%
Roselia
81.7%
Latios
81.4%
Lotad
80.5%
Absol
79%
Groudon
78.9%
Duskull
78.1%
Zangoose
77.9%
Luvdisc
76.6%
Swablu
75.5%
Trapinch
75.5%
Solrock
75%
Linoone
75%
Snorunt
74.7%
Plusle
74.1%
Milotic
73.9%
% Correct
Tropius
73.1%
Surskit
72.7%
Pelipper
72.6%
Metagross
72.5%
Kirlia
71.8%
Nosepass
71.7%
Silcoon
71.5%
Claydol
71.5%
Jirachi
71.5%
Wailord
70.6%
Camerupt
70.3%
Swalot
69.6%
Salamence
69.4%
Deoxys
68.7%
Hariyama
66.9%
Exploud
66.6%
Cacnea
66.5%
Azurill
65.2%
Walrein
63.8%
Illumise
63.5%
Remove Ads.
Support Sporcle.
Get the best of Sporcle when you Go Orange. This ad-free experience offers more features, more stats, and more fun while also helping to support Sporcle. Thank you for becoming a member.

You're not logged in!

Compare scores with friends on all Sporcle quizzes.
OR
Log In

Sporcle TV

Today on Sporcle TV


Watch our educational content, quiz creation guides, and fun videos on Sporcle TV.

Show Comments

Extras

Top Quizzes Today


Score Distribution

Paid Content

Your Account Isn't Verified!

In order to create a playlist on Sporcle, you need to verify the email address you used during registration. Go to your Sporcle Settings to finish the process.

Report this User

Report this user for behavior that violates our Community Guidelines.

Details: